QA - leaseholders' involvement in estate and community issues (Record no. 72032)
[ view plain ]
| 000 -LEADER | |
|---|---|
| fixed length control field | 00899cam a2200241 4500 |
| 001 - CONTROL NUMBER | |
| control field | ABS66366 |
| 008 - FIXED-LENGTH DATA ELEMENTS--GENERAL INFORMATION | |
| fixed length control field | 030203n2003 000 0 eng u |
| 035 ## - SYSTEM CONTROL NUMBER | |
| System control number | (Sirsi) u121212 |
| 100 ## - MAIN ENTRY--PERSONAL NAME | |
| Personal name | Vernon, M. |
| 245 ## - TITLE STATEMENT | |
| Title | QA - leaseholders' involvement in estate and community issues |
| 260 ## - PUBLICATION, DISTRIBUTION, ETC. | |
| Date of publication, distribution, etc. | 2003 |
| 490 ## - SERIES STATEMENT | |
| Series statement | Housing |
| Volume/sequential designation | December/January 2003, 4(1) |
| 520 ## - SUMMARY, ETC. | |
| Summary, etc. | Lists the main barriers to leaseholder involvement in estate and community affairs, the reasons for involving leaseholders and the ingredients for achieving successful involvement. Applies to England and Wales only. |
| 590 ## - LOCAL NOTE (RLIN) | |
| Local note | ABS |
| 650 ## - SUBJECT ADDED ENTRY--TOPICAL TERM | |
| Topical term or geographic name entry element | LEASEHOLDERS |
| 650 ## - SUBJECT ADDED ENTRY--TOPICAL TERM | |
| Topical term or geographic name entry element | LANDLORDS |
| 650 ## - SUBJECT ADDED ENTRY--TOPICAL TERM | |
| Topical term or geographic name entry element | ESTATES |
| 650 ## - SUBJECT ADDED ENTRY--TOPICAL TERM | |
| Topical term or geographic name entry element | TENANTS |
| 650 ## - SUBJECT ADDED ENTRY--TOPICAL TERM | |
| Topical term or geographic name entry element | MIXED TENURE |
| 650 ## - SUBJECT ADDED ENTRY--TOPICAL TERM | |
| Topical term or geographic name entry element | COMMONHOLD AND LEASEHOLD REFORM ACT 2002 |
| 690 ## - LOCAL SUBJECT ADDED ENTRY--TOPICAL TERM (OCLC, RLIN) | |
| Topical term or geographic name as entry element | PROPERTY-RESIDENTIAL PROPERTY-RESIDENTIAL LANDLORD AND TENANT-RESIDENTIAL TENANCIES |
| 942 ## - ADDED ENTRY ELEMENTS (KOHA) | |
| Suppress in OPAC | 0 |
| Withdrawn status | Lost status | Source of classification or shelving scheme | Damaged status | Not for loan | Home library | Current library | Shelving location | Date acquired | Total Checkouts | Full call number | Barcode | Date last seen | Copy number | Price effective from | Koha item type |
|---|---|---|---|---|---|---|---|---|---|---|---|---|---|---|---|
| Dewey Decimal Classification | London | London | Journal article | 03/02/2003 | ABS66366 | 121212-1001 | 06/08/2019 | 1 | 06/08/2019 | Journal article |